000 00527nam a2200181Ia 4500
008 090123s9999 xx 000 0 und d
082 _b4384
_a891.463/कुलक
100 _aकुलकर्णी गो.द.
245 _aविराट
250 _a1
260 _bसुरस ग्रंथमाला
_c1976
300 _a84
600 _aकुलकर्णी गो.द.
630 _aविराट
700 _aकुलकर्णी गो.द.
730 _aविराट
942 _cBOOK
999 _c42459
_d42459